Study report on the working of the Legal Aid programmes in Tamil Nadu (Record no. 491209)

000 -LEADER
fixed length control field 00399cam a22001217a 4500
008 - FIXED-LENGTH DATA ELEMENTS--GENERAL INFORMATION
fixed length control field 180718b1986 xxu||||| |||| 00| 0 eng d
082 ## - DEWEY DECIMAL CLASSIFICATION NUMBER
Classification number H6x5452 M278
100 ## - MAIN ENTRY--PERSONAL NAME
Personal name Pawar, M.B.
245 ## - TITLE STATEMENT
Title Study report on the working of the Legal Aid programmes in Tamil Nadu
Statement of responsibility, etc. by M.B. Pawar
260 ## - PUBLICATION, DISTRIBUTION, ETC.
Place of publication, distribution, etc. Bombay
Name of publisher, distributor, etc. Government Central press
Date of publication, distribution, etc. 1986
300 ## - PHYSICAL DESCRIPTION
Extent 21+p
700 ## - ADDED ENTRY--PERSONAL NAME
Personal name Maharashtra. Legal Aid and Advice Board
Holdings
Withdrawn status Lost status Damaged status Not for loan Permanent Location Current Location Date acquired Full call number Barcode Date last seen Price effective from Koha item type
        Indian Institute of Public Administration Indian Institute of Public Administration 2018-08-04 H6x5452 M278 GG20459 2018-08-04 2018-08-04 GG

Powered by Koha